000 00747nas a2200253 4500
001 BR9103202
003 BR-BrBNA
005 20231205092052.0
007 ta
008 230509b bl.|||p| |||| 00| 00por d
040 _aBR-BrBNA
_bpor
_cBiblioteca Nacional de Agricultura
041 _a(Pt)
072 _aN10; L01
100 1 _aAguirre, J. de
245 1 _aInstalacoes indispensaveis a exploracao leiteira [estabulo, curral]
650 _aVACA LEITEIRA
650 _aESTRUTURA AGRARIA
650 _aINSTALACAO PARA ANIMAL
650 _aESTABULO
650 _aCURRAL
773 0 _tGado Holandes (Brazil)
_xISSN 0101-7977
_g(May 1991), v. 57(392) p. 36-42
_wBR9103202
909 _a202311
_bLúcia
_c55
_dLúcia Elande
942 _2AGRIS
_n0
_cANA
999 _c129095
_d129095